[Event "23. Copenhagen Open  (Politiken Cup)"]
[Site "Copenhagen"]
[Date "2001.07.19"]
[Round "4"]
[White "Rossen, Claus"]
[Black "Kaaber Hansen, Jacob"]
[Result "1/2-1/2"]
[WhiteElo "2210"]
[BlackElo "1846"]
[PlyCount "96"]
[EventDate "2001.07.16"]
[EventType "swiss"]
[EventRounds "11"]
[EventCountry "DEN"]
[SourceDate "2004.01.01"]

1. e4 c5 2. Nc3 Nc6 3. f4 g6 4. Nf3 Bg7 5. Bc4 e6 6. O-O Nge7 7. Qe1 O-O 8. Bb3
d5 9. d3 a6 10. a4 Nb4 11. Qf2 Qc7 12. Kh1 b6 13. f5 c4 14. dxc4 dxc4 15. Ba2
exf5 16. Bb1 Bb7 17. Be3 fxe4 18. Bxb6 Qc6 19. Ng5 Nbd5 20. Bd4 e3 21. Qh4 h6
22. Bxg7 Nxc3 23. Nf3 Nf5 24. Qf6 Nxg7 25. Qxc3 Nf5 26. Ba2 Rac8 27. b3 cxb3
28. Qxc6 Bxc6 29. Bxb3 Bxf3 30. Rxf3 e2 31. Kg1 Nd4 32. Re3 Nxc2 33. Bxc2 Rxc2
34. Re1 Ra2 35. Re4 Rd8 36. R1xe2 Rxe2 37. Rxe2 Rd4 38. Ra2 f5 39. a5 Rd5 40.
h4 Kf7 41. Rb2 Ke6 42. Rb6+ Rd6 43. Rb8 Ke5 44. Kh2 g5 45. h5 g4 46. Kg3 Kf6
47. Rb6 Ke5 48. Rb8 Rc6 1/2-1/2

[Event "23. Copenhagen Open  (Politiken Cup)"]
[Site "Copenhagen"]
[Date "2001.07.19"]
[Round "4"]
[White "Rustemov, Alexander"]
[Black "Mortensen, Erling"]
[Result "1-0"]
[WhiteElo "2607"]
[BlackElo "2423"]
[PlyCount "109"]
[EventDate "2001.07.16"]
[EventType "swiss"]
[EventRounds "11"]
[EventCountry "DEN"]
[SourceDate "2004.01.01"]

1. d4 d6 2. e4 g6 3. Nc3 c6 4. Be3 Bg7 5. a4 d5 6. h3 dxe4 7. Nxe4 Nd7 8. Nf3
Ngf6 9. Nxf6+ Nxf6 10. Bc4 Nd5 11. c3 Be6 12. Qe2 Nxe3 13. fxe3 Bxc4 14. Qxc4
O-O 15. O-O Qd5 16. Qxd5 cxd5 17. Ne1 Rfc8 18. Nd3 e6 19. Kf2 Bf8 20. Kf3 f5
21. g4 Bd6 22. Nf4 Kf7 23. gxf5 gxf5 24. Rg1 Rg8 25. b3 Rxg1 26. Rxg1 Rc8 27.
Rc1 b6 28. c4 dxc4 29. Rxc4 Rc7 30. Ne2 e5 31. Nc3 e4+ 32. Kf2 Ke6 33. Nb5 Rxc4
34. bxc4 Bb8 35. Ke2 a6 36. Nc3 Bh2 37. Kd2 Kd6 38. Na2 f4 39. Nc3 Bg1 40.
Nxe4+ Ke7 41. exf4 Bxd4 42. Kd3 Bb2 43. f5 Be5 44. Ke3 Kf7 45. Ng5+ Kg7 46. Ke4
Bh2 47. Ne6+ Kf6 48. Nf8 Kg7 49. Nd7 Bg1 50. Kd5 Kf7 51. Kc6 h5 52. Nxb6 Kf6
53. a5 Kxf5 54. Kb7 Kf4 55. Kxa6 1-0

[Event "23. Copenhagen Open  (Politiken Cup)"]
[Site "Copenhagen"]
[Date "2001.07.19"]
[Round "4"]
[White "Royset, Paal"]
[Black "Nielsen, Thomas"]
[Result "1-0"]
[WhiteElo "2257"]
[BlackElo "2025"]
[PlyCount "45"]
[EventDate "2001.07.16"]
[EventType "swiss"]
[EventRounds "11"]
[EventCountry "DEN"]
[SourceDate "2004.01.01"]

1. e4 Nf6 2. e5 Nd5 3. d4 d6 4. Nf3 Nb6 5. Nbd2 dxe5 6. dxe5 Nc6 7. Bb5 Bd7 8.
O-O g6 9. Re1 e6 10. Ne4 Be7 11. Bh6 Nxe5 12. Nxe5 Bxb5 13. Qf3 f6 14. Rad1 Bd7
15. Ng4 f5 16. Qc3 Rg8 17. Nef6+ Bxf6 18. Nxf6+ Kf7 19. Nxg8 Qxg8 20. Qxc7 g5
21. Rxd7+ Nxd7 22. Qxd7+ Kf6 23. Rxe6+ 1-0

[Event "23. Copenhagen Open  (Politiken Cup)"]
[Site "Copenhagen"]
[Date "2001.07.19"]
[Round "4"]
[White "Schmied, Andreas"]
[Black "Bekker Jensen, David"]
[Result "0-1"]
[WhiteElo "2138"]
[BlackElo "2284"]
[PlyCount "60"]
[EventDate "2001.07.16"]
[EventType "swiss"]
[EventRounds "11"]
[EventCountry "DEN"]
[SourceDate "2004.01.01"]

1. d4 Nf6 2. c4 g6 3. Nc3 Bg7 4. e4 O-O 5. Nf3 d6 6. Be2 Na6 7. O-O c6 8. Be3
e5 9. d5 Ng4 10. Bg5 f6 11. Bh4 c5 12. Ne1 h5 13. h3 Nh6 14. a3 Qe7 15. Nd3 Bd7
16. Bg3 f5 17. exf5 Nxf5 18. Bh2 Nd4 19. Ne4 Bf5 20. f3 Bxe4 21. fxe4 Rxf1+ 22.
Bxf1 Rf8 23. Kh1 Nb8 24. b4 b6 25. bxc5 bxc5 26. Rb1 Nd7 27. Rb7 Qf6 28. Be2
Nb6 29. Bg1 Qh4 30. Nf2 Bh6 0-1

[Event "23. Copenhagen Open  (Politiken Cup)"]
[Site "Copenhagen"]
[Date "2001.07.19"]
[Round "4"]
[White "Skovgaard, Peter Nicolai"]
[Black "Manley, Christian"]
[Result "0-1"]
[WhiteElo "1688"]
[BlackElo "1360"]
[PlyCount "58"]
[EventDate "2001.07.16"]
[EventType "swiss"]
[EventRounds "11"]
[EventCountry "DEN"]
[SourceDate "2004.01.01"]

1. e4 e5 2. Nf3 Nf6 3. Nc3 d6 4. d3 Nc6 5. Be2 Be7 6. O-O O-O 7. h3 h6 8. Re1
Nh7 9. Nd5 f5 10. exf5 Bxf5 11. c3 Be6 12. Ne3 Bh4 13. Qa4 Bf6 14. d4 exd4 15.
cxd4 Bd7 16. Qc4+ Kh8 17. Bd3 Qc8 18. Qc2 Ng5 19. Nh4 {#} Nxh3+ 20. gxh3 Bxh4
21. Nd1 Nxd4 22. Qc3 Nf3+ 23. Kh1 Bf6 24. Qc4 Nxe1 25. Bb1 Bxh3 26. Ne3 Bg5 27.
Qe4 g6 28. Qxg6 Qd7 29. Bd2 Bg2+ 0-1

[Event "23. Copenhagen Open  (Politiken Cup)"]
[Site "Copenhagen"]
[Date "2001.07.19"]
[Round "4"]
[White "Skovgaard, Tom"]
[Black "Thompson, Ian D"]
[Result "1-0"]
[WhiteElo "2065"]
[BlackElo "2240"]
[PlyCount "67"]
[EventDate "2001.07.16"]
[EventType "swiss"]
[EventRounds "11"]
[EventCountry "DEN"]
[SourceDate "2004.01.01"]

1. e4 e6 2. d4 d5 3. Nd2 Nf6 4. e5 Nfd7 5. Bd3 c5 6. c3 Nc6 7. Ndf3 cxd4 8.
cxd4 f6 9. exf6 Qxf6 10. Ne2 Bd6 11. Bg5 Qf7 12. Bh4 e5 13. dxe5 Ndxe5 14. Nxe5
Bxe5 15. Qd2 O-O 16. O-O g6 17. Rac1 Bg7 18. f4 Bf5 19. Bb5 Rac8 20. Rfd1 Be4
21. Bg3 Qf6 22. Nc3 Qd4+ 23. Kf1 Qxd2 24. Rxd2 Ne7 25. Bd7 Rcd8 26. Be6+ Kh8
27. Nxe4 dxe4 28. Rxd8 Rxd8 29. Bh4 Bxb2 30. Bxe7 Rd2 31. Rc8+ Kg7 32. Rg8+ Kh6
33. Bg5+ Kh5 34. g4# 1-0

[Event "23. Copenhagen Open  (Politiken Cup)"]
[Site "Copenhagen"]
[Date "2001.07.19"]
[Round "4"]
[White "Spanton, Timothy"]
[Black "Christensen, Verner"]
[Result "1-0"]
[WhiteElo "2051"]
[BlackElo "1797"]
[PlyCount "54"]
[EventDate "2001.07.16"]
[EventType "swiss"]
[EventRounds "11"]
[EventCountry "DEN"]
[SourceDate "2004.01.01"]

1. e4 e5 2. Bc4 Nf6 3. d3 Nc6 4. Nc3 d6 5. f4 Be6 6. Bb3 Be7 7. Nf3 O-O 8. O-O
Bxb3 9. axb3 Nd7 10. f5 Nb6 11. Be3 Nb4 12. Qd2 c6 13. Ne2 c5 14. c4 f6 15. Kh1
Kf7 16. g4 Qd7 17. h4 Nc6 18. Rg1 Rh8 19. g5 g6 20. Ng3 Rag8 21. Raf1 Nd4 22.
Bxd4 cxd4 23. Qf2 Qd8 24. fxg6+ Rxg6 25. gxf6 Rxf6 26. Nh5 Rf4 27. Nxf4 exf4
1-0

[Event "23. Copenhagen Open  (Politiken Cup)"]
[Site "Copenhagen"]
[Date "2001.07.19"]
[Round "4"]
[White "Stovring, Claus"]
[Black "Petersen, Kim Linde"]
[Result "1-0"]
[WhiteElo "1966"]
[BlackElo "1535"]
[PlyCount "83"]
[EventDate "2001.07.16"]
[EventType "swiss"]
[EventRounds "11"]
[EventCountry "DEN"]
[SourceDate "2004.01.01"]

1. e4 g5 2. Bc4 h6 3. d4 e5 4. Nf3 Nc6 5. dxe5 Nge7 6. Nc3 Bg7 7. Be3 Ng6 8.
Qd2 Ncxe5 9. Nxe5 Bxe5 10. O-O-O d6 11. g3 Bg4 12. Rde1 Bf3 13. Rhg1 c6 14. Be2
Qf6 15. Bxf3 Qxf3 16. Bd4 Qf6 17. Bxe5 Qxe5 18. Rgf1 g4 19. Kb1 O-O-O 20. f4
gxf3 21. Rxf3 Qe6 22. Ref1 Ne5 23. Rf6 Qh3 24. R1f4 Rhg8 25. Rh4 Qxh4 26. gxh4
Rg1+ 27. Nd1 Nc4 28. Qe2 Ne3 29. a4 Nxd1 30. Ka2 Rdg8 31. Rxd6 R8g2 32. Qd3 a5
33. Rd8+ Kc7 34. Rd7+ Kb6 35. Rxf7 Rg8 36. Qd4+ Ka6 37. Qd7 Kb6 38. Qxb7+ Kc5
39. Rf6 Kd4 40. Qxc6 Ke3 41. Qd5 Rb8 42. Qd4+ 1-0

[Event "23. Copenhagen Open  (Politiken Cup)"]
[Site "Copenhagen"]
[Date "2001.07.19"]
[Round "4"]
[White "Thomsen, Heinrich Kirch"]
[Black "Jorgensen, Mikkel"]
[Result "1-0"]
[WhiteElo "1361"]
[BlackElo "1610"]
[PlyCount "47"]
[EventDate "2001.07.16"]
[EventType "swiss"]
[EventRounds "11"]
[EventCountry "DEN"]
[SourceDate "2004.01.01"]

1. e4 c5 2. Nf3 Nc6 3. d4 cxd4 4. Nxd4 e5 5. Nb5 d6 6. N1c3 a6 7. Na3 b5 8. Nd5
Nf6 9. Nxf6+ Qxf6 10. c3 Bb7 11. Bd3 Be7 12. O-O O-O 13. Nc2 Bd8 14. Ne3 Rc8
15. Nf5 Ne7 16. Ng3 Bb6 17. Kh1 Ng6 18. Be3 Bxe3 19. fxe3 Qe6 20. Nf5 Rc7 21.
Qg4 Bc8 22. h4 f6 23. h5 Nh8 24. Nh6# 1-0

[Event "23. Copenhagen Open  (Politiken Cup)"]
[Site "Copenhagen"]
[Date "2001.07.19"]
[Round "4"]
[White "Tozer, Richard"]
[Black "Bleis, Christian"]
[Result "0-1"]
[WhiteElo "2315"]
[BlackElo "2126"]
[PlyCount "58"]
[EventDate "2001.07.16"]
[EventType "swiss"]
[EventRounds "11"]
[EventCountry "DEN"]
[SourceDate "2004.01.01"]

1. d4 Nf6 2. c4 c5 3. d5 e6 4. Nc3 exd5 5. cxd5 d6 6. e4 g6 7. f4 Bg7 8. e5
dxe5 9. fxe5 Nfd7 10. e6 fxe6 11. dxe6 Qe7 12. Nd5 Qxe6+ 13. Qe2 Qxe2+ 14. Bxe2
O-O 15. Nc7 Nc6 16. Nxa8 Nb4 17. Kd1 Ne5 18. a3 Nbd3 19. Be3 Bf5 20. Nc7 Nxb2+
21. Kc1 Ned3+ 22. Kb1 Na4 23. Nd5 Nb4+ 24. Kc1 Nxd5 25. Bf3 Nxe3 26. Ra2 Bh6
27. Bxb7 Be6 28. Re2 Rf1+ 29. Kd2 Rd1# 0-1

[Event "23. Copenhagen Open  (Politiken Cup)"]
[Site "Copenhagen"]
[Date "2001.07.19"]
[Round "4"]
[White "Westlund, Mikael"]
[Black "Schmidt, Horst Hubert"]
[Result "1-0"]
[WhiteElo "1996"]
[BlackElo "1674"]
[PlyCount "79"]
[EventDate "2001.07.16"]
[EventType "swiss"]
[EventRounds "11"]
[EventCountry "DEN"]
[SourceDate "2004.01.01"]

1. d4 Nf6 2. Nf3 g6 3. Bf4 d6 4. e3 Bg7 5. Nbd2 c6 6. Bd3 Nbd7 7. c3 O-O 8. O-O
Nh5 9. Bg5 Qe8 10. Bh4 e5 11. Ng5 d5 12. Nxh7 Kxh7 13. Qxh5+ Kg8 14. Qd1 e4 15.
Be2 Nf6 16. Bg3 Qe7 17. c4 Be6 18. c5 Qd7 19. b4 Bh6 20. a4 b6 21. Nb3 Qb7 22.
b5 Nd7 23. bxc6 Qxc6 24. Bb5 Qc8 25. c6 Nf6 26. Rc1 a6 27. Be2 Ng4 28. Rc3 f5
29. Bxg4 fxg4 30. Qc1 a5 31. Qa3 Rf7 32. Nc1 Bf8 33. Bd6 Bxd6 34. Qxd6 Raa7 35.
Ne2 g5 36. Rb1 Rf8 37. c7 Qe8 38. Rxb6 Bf7 39. Rb8 g3 40. Qxf8+ 1-0

[Event "23. Copenhagen Open  (Politiken Cup)"]
[Site "Copenhagen"]
[Date "2001.07.19"]
[Round "4"]
[White "Wilsbeck, Jan Borge"]
[Black "Akesson, Joel"]
[Result "0-1"]
[WhiteElo "1761"]
[BlackElo "2203"]
[PlyCount "124"]
[EventDate "2001.07.16"]
[EventType "swiss"]
[EventRounds "11"]
[EventCountry "DEN"]
[SourceDate "2004.01.01"]

1. e4 c5 2. Nf3 Nc6 3. d4 cxd4 4. Nxd4 g6 5. Be3 Nf6 6. Nc3 Bg7 7. Bc4 Qa5 8.
O-O O-O 9. a3 d6 10. h3 Bd7 11. Nxc6 bxc6 12. b4 Qc7 13. Ba6 Rfe8 14. Qe2 d5
15. exd5 cxd5 16. Bd4 Bf5 17. Bd3 Nh5 18. Bxg7 Nxg7 19. Nb5 Qb6 20. Nc3 Qc6 21.
Nd1 Bxd3 22. cxd3 Qe6 23. Re1 Qxe2 24. Rxe2 Ne6 25. Rc2 Nf4 26. Nb2 Rac8 27.
Rc5 Rxc5 28. bxc5 Rc8 29. Re1 Rxc5 30. Rxe7 Rb5 31. Na4 Ra5 32. Nc3 Rxa3 33.
Nb5 Ra1+ 34. Kh2 Nxd3 35. Nxa7 Nxf2 36. Nc6 Rh1+ 37. Kg3 Ne4+ 38. Kf4 Kg7 39.
Rd7 Nf6 40. Rd8 Rf1+ 41. Ke3 Re1+ 42. Kf2 Re8 43. Rxe8 Nxe8 44. Ne7 Nc7 45. Ke3
Kf6 46. Nc6 Ne6 47. g3 h5 48. Nb4 Ke5 49. Nd3+ Kd6 50. Kf3 Ng5+ 51. Kg2 Ke6 52.
h4 Ne4 53. Kf3 Kf5 54. Nf4 Ke5 55. Nd3+ Kd4 56. Nf4 Nd6 57. g4 hxg4+ 58. Kxg4
Ke4 59. Kg5 d4 60. Ne2 d3 61. Nc3+ Ke3 62. Kf6 Ne4+ 0-1

[Event "23. Copenhagen Open  (Politiken Cup)"]
[Site "Copenhagen"]
[Date "2001.07.20"]
[Round "5"]
[White "Aaberg, Anton"]
[Black "Christensen, Stefan"]
[Result "1/2-1/2"]
[WhiteElo "2373"]
[BlackElo "2164"]
[PlyCount "81"]
[EventDate "2001.07.16"]
[EventType "swiss"]
[EventRounds "11"]
[EventCountry "DEN"]
[SourceDate "2004.01.01"]

1. d4 Nf6 2. c4 e6 3. g3 Bb4+ 4. Bd2 Bxd2+ 5. Qxd2 d5 6. Bg2 dxc4 7. Na3 O-O 8.
Nxc4 Nbd7 9. Nf3 Nb6 10. Na5 Nbd5 11. Ne5 Nd7 12. Nd3 c6 13. O-O N7f6 14. b4
Rb8 15. Rfc1 Bd7 16. a4 Qe7 17. Nc4 Rfc8 18. a5 Nc7 19. e3 Nfd5 20. Nc5 Nb5 21.
Na3 Be8 22. Nd3 Bd7 23. Nc4 Be8 24. Na3 Bd7 25. Rc5 Nxa3 26. Rxa3 a6 27. Ra1
Be8 28. h4 f6 29. Rac1 Bg6 30. e4 Nc7 31. Nf4 Rd8 32. Qb2 Bf7 33. h5 Rd7 34. h6
g6 35. d5 exd5 36. exd5 Nxd5 37. Nxd5 Bxd5 38. Bxd5+ Rxd5 39. Rxd5 cxd5 40. b5
axb5 41. Qxb5 1/2-1/2

[Event "23. Copenhagen Open  (Politiken Cup)"]
[Site "Copenhagen"]
[Date "2001.07.20"]
[Round "5"]
[White "Andersen, Kasper Lolk"]
[Black "Moller, Arne"]
[Result "0-1"]
[WhiteElo "1192"]
[BlackElo "1712"]
[PlyCount "48"]
[EventDate "2001.07.16"]
[EventType "swiss"]
[EventRounds "11"]
[EventCountry "DEN"]
[SourceDate "2004.01.01"]

1. d4 Nf6 2. c4 e6 3. Nf3 b6 4. Bg5 Be7 5. Bxf6 Bxf6 6. Nbd2 Bb7 7. e3 O-O 8.
Bd3 d6 9. Qc2 g6 10. h4 Nc6 11. h5 Nb4 12. Qb1 Nxd3+ 13. Qxd3 Qe7 14. a3 c5 15.
g4 cxd4 16. exd4 d5 17. Rh3 Rad8 18. Kf1 dxc4 19. Qxc4 Bxf3 20. Nxf3 Rd5 21.
hxg6 fxg6 22. g5 Bxg5 23. Nxg5 Qxg5 24. Re3 Qxe3 0-1

[Event "23. Copenhagen Open  (Politiken Cup)"]
[Site "Copenhagen"]
[Date "2001.07.20"]
[Round "5"]
[White "Andersen, Rune"]
[Black "Wilsbeck, Jan Borge"]
[Result "1-0"]
[WhiteElo "2064"]
[BlackElo "1761"]
[PlyCount "107"]
[EventDate "2001.07.16"]
[EventType "swiss"]
[EventRounds "11"]
[EventCountry "DEN"]
[SourceDate "2004.01.01"]

1. d4 Nf6 2. c4 e6 3. Nc3 Bb4 4. Qc2 d5 5. a3 Bxc3+ 6. Qxc3 Ne4 7. Qc2 O-O 8.
Bf4 Nc6 9. e3 g5 10. Bg3 f5 11. f3 Nf6 12. O-O-O a5 13. Bd3 Qe7 14. Ne2 dxc4
15. Bxc4 Nd5 16. Bf2 Bd7 17. h4 g4 18. e4 fxe4 19. Qxe4 Nf6 20. Qf4 Kh8 21.
Rhe1 gxf3 22. Qxf3 Nd5 23. Qg3 Rg8 24. Qh2 Raf8 25. Bxd5 exd5 26. Nf4 Qd6 27.
g3 Bg4 28. Rd2 Bf3 29. h5 Be4 30. Rxe4 dxe4 31. d5 Ne5 32. Bd4 Rg5 33. Ng6+ Kg8
34. Nxf8 Kxf8 35. Qf2+ Ke8 36. Qf4 Nf7 37. Qxe4+ Kf8 38. h6 Rxg3 39. Bg7+ Rxg7
40. hxg7+ Kxg7 41. Qf3 h6 42. Rf2 Ng5 43. Qc3+ Kg6 44. Qxa5 Qg3 45. Qe1 Qd6 46.
Qe8+ Kg7 47. Rf5 Qc5+ 48. Kb1 Qg1+ 49. Ka2 Qc5 50. Qe5+ Kg8 51. Rf4 b6 52. Qf5
Qd6 53. Rc4 Kg7 54. Rc6 1-0

[Event "23. Copenhagen Open  (Politiken Cup)"]
[Site "Copenhagen"]
[Date "2001.07.20"]
[Round "5"]
[White "Auchenberg, Per"]
[Black "Rossen, Claus"]
[Result "1/2-1/2"]
[WhiteElo "1842"]
[BlackElo "2210"]
[PlyCount "114"]
[EventDate "2001.07.16"]
[EventType "swiss"]
[EventRounds "11"]
[EventCountry "DEN"]
[SourceDate "2004.01.01"]

1. f4 g6 2. Nf3 Bg7 3. e4 d6 4. Be2 c5 5. d3 Nc6 6. O-O Nf6 7. c3 O-O 8. Na3
Rb8 9. Nc2 b5 10. b4 c4 11. a4 a6 12. axb5 axb5 13. Ra3 Bb7 14. Qe1 cxd3 15.
Bxd3 Ra8 16. Kh1 Qc7 17. Qe2 Rfc8 18. Bb2 Nd8 19. Rfa1 Ne6 20. Bc1 Rxa3 21.
Rxa3 d5 22. e5 Ne4 23. Bxe4 dxe4 24. Nfd4 Nxd4 25. Nxd4 Qd7 26. h3 f6 27. exf6
exf6 28. Qxb5 Qxb5 29. Nxb5 Rd8 30. Nd4 f5 31. Be3 g5 32. g3 gxf4 33. gxf4 Rc8
34. Kg1 Bd5 35. Kf2 Kf7 36. Ke1 Bf6 37. Kd2 Bxd4 38. Bxd4 Bc4 39. Ra7+ Kg6 40.
Rd7 Kh6 41. Rd6+ Kh5 42. Rf6 Kh4 43. Rxf5 Kxh3 44. Ke3 Rg8 45. Kxe4 Kg4 46.
Rg5+ Rxg5 47. fxg5 Kxg5 48. Be3+ Kf6 49. Kd4 Bf1 50. Kc5 Ke6 51. Bh6 Kd7 52. c4
Kc7 53. b5 Kb7 54. Kb4 Be2 55. c5 Bf3 56. Ka5 Be4 57. Kb4 Bf3 1/2-1/2

[Event "23. Copenhagen Open  (Politiken Cup)"]
[Site "Copenhagen"]
[Date "2001.07.20"]
[Round "5"]
[White "Bekker Jensen, David"]
[Black "Laursen, Niels Norskov"]
[Result "1-0"]
[WhiteElo "2284"]
[BlackElo "2107"]
[PlyCount "81"]
[EventDate "2001.07.16"]
[EventType "swiss"]
[EventRounds "11"]
[EventCountry "DEN"]
[SourceDate "2004.01.01"]

1. d4 Nf6 2. c4 e6 3. Nc3 Bb4 4. e3 O-O 5. Bd3 c5 6. Nf3 cxd4 7. exd4 d5 8. O-O
dxc4 9. Bxc4 a6 10. a4 Nbd7 11. Bg5 Qc7 12. Qb3 Bxc3 13. bxc3 b6 14. Rab1 Bb7
15. Bxf6 Bxf3 16. Bh4 Bb7 17. Be2 Rac8 18. Rfc1 e5 19. Bg5 Kh8 20. Be3 Qc6 21.
d5 Qxd5 22. Qxd5 Bxd5 23. Bxa6 Ra8 24. Bb5 Nc5 25. Rd1 Be4 26. Ra1 Bc2 27. Bxc5
bxc5 28. Rd2 Rfb8 29. c4 Bb3 30. a5 f5 31. Ra3 Rd8 32. Rxd8+ Rxd8 33. h3 Bc2
34. Bc6 Be4 35. Bxe4 fxe4 36. a6 Ra8 37. a7 Kg8 38. Kf1 Kf7 39. Ke2 Ke6 40. Ke3
Kd6 41. Kxe4 1-0

[Event "23. Copenhagen Open  (Politiken Cup)"]
[Site "Copenhagen"]
[Date "2001.07.20"]
[Round "5"]
[White "Bekker Jensen, Simon"]
[Black "Rasmussen, Bo"]
[Result "1/2-1/2"]
[WhiteElo "2356"]
[BlackElo "2160"]
[PlyCount "52"]
[EventDate "2001.07.16"]
[EventType "swiss"]
[EventRounds "11"]
[EventCountry "DEN"]
[SourceDate "2004.01.01"]

1. d4 d5 2. c4 e6 3. Nc3 Nf6 4. cxd5 exd5 5. Bg5 c6 6. Qc2 Be7 7. e3 Nbd7 8.
Bd3 O-O 9. Nf3 Re8 10. O-O Nf8 11. h3 Ne4 12. Bf4 Nxc3 13. bxc3 Ng6 14. Bg3 Bd6
15. Bxd6 Qxd6 16. c4 dxc4 17. Bxc4 Be6 18. Rab1 Bxc4 19. Qxc4 Re7 20. Rfc1 Rd8
21. Qa4 a6 22. Qa5 Qc7 23. Qxc7 Rxc7 24. Rb2 Rdd7 25. Nd2 Nf8 26. Nc4 c5
1/2-1/2

[Event "23. Copenhagen Open  (Politiken Cup)"]
[Site "Copenhagen"]
[Date "2001.07.20"]
[Round "5"]
[White "Berg, Klaus"]
[Black "Jacobsen, Bo"]
[Result "0-1"]
[WhiteElo "2438"]
[BlackElo "2274"]
[PlyCount "42"]
[EventDate "2001.07.16"]
[EventType "swiss"]
[EventRounds "11"]
[EventCountry "DEN"]
[SourceDate "2004.01.01"]

1. d4 g6 2. e4 Bg7 3. Nc3 c6 4. Be3 b5 5. Qd2 d6 6. f4 Qc7 7. Nf3 Nd7 8. Bd3
Bb7 9. O-O Ngf6 10. h3 Nb6 11. f5 b4 12. Ne2 gxf5 13. exf5 c5 14. dxc5 dxc5 15.
Bb5+ Kf8 16. Bf4 Qc8 17. Ng3 h5 18. h4 c4 19. Be3 Qc7 20. Ne2 a6 21. Qxb4 Nfd5
0-1

[Event "23. Copenhagen Open  (Politiken Cup)"]
[Site "Copenhagen"]
[Date "2001.07.20"]
[Round "5"]
[White "Bleis, Christian"]
[Black "Adamski, Jan"]
[Result "1/2-1/2"]
[WhiteElo "2126"]
[BlackElo "2361"]
[PlyCount "36"]
[EventDate "2001.07.16"]
[EventType "swiss"]
[EventRounds "11"]
[EventCountry "DEN"]
[SourceDate "2004.01.01"]

1. d4 Nf6 2. Bg5 e6 3. e3 h6 4. Bh4 d6 5. Nf3 Nbd7 6. Nbd2 g5 7. Bg3 Nh5 8. Bd3
Bg7 9. Ng1 Nhf6 10. Ne4 Qe7 11. Nxf6+ Nxf6 12. c3 Bd7 13. f3 e5 14. dxe5 dxe5
15. e4 Nh5 16. Qb3 O-O-O 17. Ne2 Nxg3 18. Nxg3 h5 1/2-1/2

[Event "23. Copenhagen Open  (Politiken Cup)"]
[Site "Copenhagen"]
[Date "2001.07.20"]
[Round "5"]
[White "Christensen, Christian"]
[Black "Hansen, Gunnar West"]
[Result "1/2-1/2"]
[WhiteElo "1972"]
[BlackElo "2198"]
[PlyCount "46"]
[EventDate "2001.07.16"]
[EventType "swiss"]
[EventRounds "11"]
[EventCountry "DEN"]
[SourceDate "2004.01.01"]

1. e4 g6 2. d4 Bg7 3. Nc3 c6 4. h3 d5 5. e5 f6 6. Nf3 Nh6 7. Bf4 Nf7 8. Qd2
fxe5 9. Nxe5 O-O 10. O-O-O Nd7 11. h4 Ndxe5 12. dxe5 Nxe5 13. h5 Bg4 14. hxg6
Nxg6 15. Bh6 Bxd1 16. Bxg7 Kxg7 17. Qh6+ Kf6 18. Nxd1 Qd6 19. g3 Rf7 20. f4 e6
21. Qg5+ Kg7 22. Bd3 Rg8 23. Qh6+ Kf6 1/2-1/2

[Event "23. Copenhagen Open  (Politiken Cup)"]
[Site "Copenhagen"]
[Date "2001.07.20"]
[Round "5"]
[White "Christensen, Verner"]
[Black "Thomsen, Heinrich Kirch"]
[Result "1-0"]
[WhiteElo "1797"]
[BlackElo "1361"]
[PlyCount "61"]
[EventDate "2001.07.16"]
[EventType "swiss"]
[EventRounds "11"]
[EventCountry "DEN"]
[SourceDate "2004.01.01"]

1. f4 d5 2. Nf3 Nc6 3. b3 Nf6 4. Bb2 g6 5. e3 Bg7 6. Be2 O-O 7. O-O e6 8. Ne5
Ne7 9. g4 Ne8 10. d4 Nd6 11. Nd2 f6 12. Nd3 f5 13. g5 Ne4 14. Kg2 h6 15. h4 b6
16. Nf3 Bb7 17. Nde5 Kh7 18. gxh6 Bxh6 19. Ng5+ Bxg5 20. hxg5 Kg7 21. Bb5 c6
22. Bd3 Rh8 23. Bxe4 fxe4 24. Rh1 Nf5 25. Qe2 Qe7 26. Qf2 a5 27. a4 Qb4 28. Nd7
Rxh1 29. Rxh1 Ba6 {#} 30. Nc5 Bc8 31. c3 1-0

[Event "23. Copenhagen Open  (Politiken Cup)"]
[Site "Copenhagen"]
[Date "2001.07.20"]
[Round "5"]
[White "Dalsberg, Sandra de Blecourt"]
[Black "Preuss, Flemming"]
[Result "1/2-1/2"]
[WhiteElo "2055"]
[BlackElo "2062"]
[PlyCount "137"]
[EventDate "2001.07.16"]
[EventType "swiss"]
[EventRounds "11"]
[EventCountry "DEN"]
[SourceDate "2004.01.01"]

1. d4 f5 2. g3 Nf6 3. Bg2 d6 4. Nf3 g6 5. O-O Bg7 6. c4 O-O 7. Nc3 Nc6 8. d5
Ne5 9. Nxe5 dxe5 10. e4 f4 11. gxf4 exf4 12. Bxf4 Nxe4 13. Bd2 Nxd2 14. Qxd2
Qd6 15. Ne4 Qf4 16. Qxf4 Rxf4 17. Rae1 Bf5 18. Re2 Rf8 19. f3 Bd4+ 20. Kh1 h6
21. Rd1 Bxe4 22. Rxd4 Bxf3 23. Rxf4 Bxe2 24. Re4 Bd3 25. Rxe7 Rf7 26. Re8+ Kg7
27. c5 b6 28. b4 Rf4 29. a3 bxc5 30. bxc5 Rc4 31. Bf3 Rxc5 32. Re7+ Kf6 33. d6
cxd6 34. Rxa7 Rc2 35. Kg1 Ke5 36. a4 d5 37. a5 Ra2 38. Ra8 d4 39. Bb7 Bf5 40.
a6 Kf4 41. Rd8 d3 42. Kf1 Ke3 43. Re8+ Kd2 44. Re7 h5 45. Rc7 h4 46. Rc5 Ke3
47. Re5+ Kf4 48. Rd5 g5 49. Rd8 Bg4 50. Rd4+ Ke3 51. Re4+ Kd2 52. Rxg4 Kc3 53.
Rxg5 Ra1+ 54. Kf2 d2 55. Rc5+ Kd4 56. Rd5+ Kc3 57. Ke3 Re1+ 58. Kf4 d1=Q 59.
Rxd1 Rxd1 60. a7 Ra1 61. a8=Q Rxa8 62. Bxa8 Kd4 63. Bb7 Kc5 64. Kg5 Kd6 65.
Kxh4 Ke6 66. Kg5 Kf7 67. Kh6 Kg8 68. Be4 Kh8 69. h4 1/2-1/2

[Event "23. Copenhagen Open  (Politiken Cup)"]
[Site "Copenhagen"]
[Date "2001.07.20"]
[Round "5"]
[White "Edvardsson, Hannu Kalervo"]
[Black "Skovgaard, Peter Nicolai"]
[Result "0-1"]
[WhiteElo "1300"]
[BlackElo "1688"]
[PlyCount "74"]
[EventDate "2001.07.16"]
[EventType "swiss"]
[EventRounds "11"]
[EventCountry "DEN"]
[SourceDate "2004.01.01"]

1. e4 c5 2. c4 d6 3. Nf3 Nf6 4. d3 g6 5. Be2 Bg7 6. Nc3 Nc6 7. Bd2 O-O 8. O-O
b6 9. a3 Bb7 10. Rb1 Qd7 11. Qc1 Rfc8 12. b4 cxb4 13. axb4 Ng4 14. h3 Nge5 15.
Nxe5 Nxe5 16. f4 Nc6 17. Be3 Nd4 18. Bxd4 Bxd4+ 19. Kh1 Bxc3 20. Qxc3 b5 21.
Qd4 bxc4 22. dxc4 Qc6 23. Qd5 Qb6 24. Qd3 Rc7 25. c5 dxc5 26. bxc5 Qxc5 27.
Rfc1 Qd6 28. Qxd6 Rxc1+ 29. Kh2 exd6 30. Rxb7 a5 31. e5 dxe5 32. fxe5 a4 33.
Bf3 Ra5 34. e6 fxe6 35. Bg4 Re1 36. Bf3 a3 37. g4 a2 0-1